Comuni della Provincia di Vibo Valentia (con mappa) - Statistics

Statistiche generali
  • Questo quiz è stato fatto 16 volte
  • Il punteggio medio è 36 su 50
Risposte nella Mappa
Le risposte nella mappa del quiz sottostante sono codificate secondo una scala di colori dal rosso al verde in base alla % di persone che hanno risposto correttamente.
 
Statistiche sulle risposte
Risposta % Corretto
Acquaro
100%
Pizzo
100%
Tropea
100%
Vibo Valentia
100%
Briatico
88%
Filadelfia
88%
Mileto
88%
San Calogero
88%
Serra San Bruno
88%
Zambrone
88%
Arena
75%
Brognaturo
75%
Dinami
75%
Fabrizia
75%
Filandari
75%
Gerocarne
75%
Jonadi
75%
Joppolo
75%
Limbadi
75%
Maierato
75%
Nicotera
75%
Parghelia
75%
Pizzoni
75%
Ricadi
75%
Rombiolo
75%
Sant'Onofrio
75%
Spilinga
75%
Vazzano
75%
Zaccanopoli
75%
Zungri
75%
Capistrano
63%
Cessaniti
63%
Dasà
63%
Filogaso
63%
Francavilla Angitola
63%
Francica
63%
Mongiana
63%
Monterosso Calabro
63%
Nardodipace
63%
Polia
63%
San Gregorio d'Ippona
63%
Sorianello
63%
Soriano Calabro
63%
Spadola
63%
Drapia
50%
San Costantino Calabro
50%
San Nicola da Crissa
50%
Simbario
50%
Stefanaconi
50%
Vallelonga
50%
Nessun quiz corrispondente trovato
Distribuzione punteggi
Percentuale di utenti per punteggio
Percentile per numero di risposta
I tuoi punteggi nel tempo
Non hai fatto questo quiz